|
|
|
|
| LEADER |
01401nam a2200385 4500 |
| 001 |
ocn936322542 |
| 003 |
OCoLC |
| 005 |
20180501122029.0 |
| 006 |
m o d |
| 007 |
cr cnu---unuuu |
| 008 |
160201s2016 ne ob 001 0 eng d |
| 040 |
|
|
|a N$T
|b eng
|e rda
|e pn
|c N$T
|d IDEBK
|d YDXCP
|d EBLCP
|d N$T
|d OPELS
|d OCLCF
|d OCLCQ
|d GrThAP
|
| 020 |
|
|
|a 9780128048351
|q electronic bk.
|
| 020 |
|
|
|a 0128048352
|q electronic bk.
|
| 020 |
|
|
|a 9780128046821
|
| 035 |
|
|
|a (OCoLC)936322542
|
| 050 |
|
4 |
|a QD421
|b .A45 2016
|
| 072 |
|
7 |
|a SCI
|x 007000
|2 bisacsh
|
| 082 |
0 |
4 |
|a 572/.549
|2 23
|
| 049 |
|
|
|a TEFA
|
| 245 |
0 |
4 |
|a The alkaloids :
|b chemistry and biology.
|n Volume 76 /
|c edited by Hans-Joachim Knölker.
|
| 250 |
|
|
|a First edition.
|
| 264 |
|
1 |
|a Amsterdam :
|b Elsevier,
|c 2016.
|
| 300 |
|
|
|a 1 online resource
|
| 336 |
|
|
|a text
|b txt
|2 rdacontent
|
| 337 |
|
|
|a computer
|b c
|2 rdamedia
|
| 338 |
|
|
|a online resource
|b cr
|2 rdacarrier
|
| 588 |
0 |
|
|a Online resource; title from PDF title page (EBSCO, viewed February 9, 2016)
|
| 504 |
|
|
|a Includes bibliographical references and indexes.
|
| 650 |
|
0 |
|a Alkaloids.
|
| 650 |
|
7 |
|a SCIENCE / Life Sciences / Biochemistry
|2 bisacsh
|
| 650 |
|
7 |
|a Alkaloids.
|2 fast
|0 (OCoLC)fst00805398
|
| 655 |
|
4 |
|a Electronic books.
|
| 700 |
1 |
|
|a Knölker, Hans-Joachim,
|e editor.
|
| 856 |
4 |
0 |
|u https://www.sciencedirect.com/science/bookseries/10994831/76
|z Full Text via HEAL-Link
|